| 000 | 01204nam a2200313 c 4500 | ||
|---|---|---|---|
| 003 | BLK | ||
| 005 | 20231211132235.0 | ||
| 008 | 180413b bul|||||r ||||||| ||bul|| | ||
| 010 | _aKNG00024190000 | ||
| 040 | _aBLK | ||
| 041 |
_aBUL _cBUL |
||
| 080 |
_aНемска литература _b821.112.2 _x(081.2) _z821.112.2(081.2) |
||
| 080 |
_aНемска литература _b821.112.2 _x-31 _z821.112.2-31 |
||
| 100 | 1 |
_aМай, Карл _eпърви автор _9241916 |
|
| 700 | 1 |
_aРадков, Веселин _eсъстав. и прев. _9243641 |
|
| 139 |
_aМай, Карл _bМ 16 |
||
| 245 | 1 | 0 |
_aИзбрани произведения _bТ. 1 - За том: Роман _cКарл Май; състав. и прев. Веселин Радков. _nТ. 2 _pВинету - II |
| 257 | _aDEU | ||
| 260 |
_аСофия _bОтечество _c1988 - |
||
| 300 | _c22 см | ||
| 380 | _aX | ||
| 760 | 1 |
_aМай, Карл _d1988 _h439 с. _nВ кн. означено 2. изд. _tТ. 2 Винету - II |
|
| 852 | _aЦб 154874 | ||
| 856 | 4 |
_qpdf _u |
|
| 856 | 4 |
_qpdf _u |
|
| 942 |
_cKNG _n0 _03 |
||
| 944 |
_aCR _c28.05.2003 _k30576 _lЦветомила Тодорова |
||
| 944 |
_aED _c18.02.2011 _k |
||
| 999 |
_c21874 _d21874 |
||